| 000 | 00511nam a22001697a 4500 | ||
|---|---|---|---|
| 003 | 0 | ||
| 005 | 20230616090753.0 | ||
| 008 | 230616b xxu||||| |||| 00| 0 eng d | ||
| 020 | _a971-630-034-4 | ||
| 082 |
_aFil 398.21 _b.Rc33 1994 |
||
| 245 |
_aThe best of Lola Basyang: timeless tales for the Filipino family _cReyes, Severino |
||
| 260 |
_aMakati _bTahanan Books _cC1994 |
||
| 300 |
_a244pp. _bill. _c 25 cm. |
||
| 500 | _aTales-Philippines. | ||
| 501 | _aFolk literature-Philippines. | ||
| 942 |
_2ddc _cBK |
||
| 999 |
_c364973 _d364973 |
||